Antología de la literatura fantástica argentina 2 /

Guardado en:
Autor Principal: Manguel, Alberto
Formato: Libro
Publicado: Buenos Aires : Kapeulusz, 1975
Series:Grandes Obras de la Literatura Universal
Materias:
Etiquetas: Agregar Etiqueta
Sin Etiquetas, Sea el primero en etiquetar este registro!
LEADER 01137nam a22002415a 4500
001 CEM.cems004109
005 20101111113632.0
008 130507s1975##################000#0#####d
003 CEMS
082 0 4 |a A868 
100 1 |a Manguel, Alberto 
245 1 0 |a Antología de la literatura fantástica argentina 2 /  |c Selección, Estudio Preliminar y Notas de Alberto Manguel 
260 |a Buenos Aires :  |b Kapeulusz,  |c 1975 
300 |a 203 p. 
490 0 |a Grandes Obras de la Literatura Universal 
505 0 |a El perjurio de la nieve / Adolfo Bioy Casares -- Los novicios de Lerna / Angel Bonomini -- El sur / Jorge Luis Borges -- Casa Tomada / Julio Cortázar -- Variación del perro / Marco Denevi -- Los espías / Manuel Mujica Lainez -- La sierra / Héctor A. Murena -- Las invitadas / Silvina Ocampo -- Gregorio Ruedas / Bernardo Schiavetta 
653 |a Literatura 
653 |a Literatura argentina 
653 |a Cuentos 
653 |a Cuento fantástico argentino 
653 |a Cuento argentino 
859 |a CEMS  |b BIB. CEMS - 11 de abril  |h A868  |i M313  |p 12804.83  |t Ej.1 
859 |a CEMS  |b BIB. CEMS - 11 de abril  |h A868  |i M313  |p 17728.94  |t Ej.2